01333cas a2200265 450000500170000000800410001701500190005802200140007704002660009104100130035704400080037024500450037826000650042330000820048831000130057032100170058332100140060050400420061465000430065665000520069971000300075177601160078177600790089778000910097620170424103731.0751101c19149999mouqr p 0 c0eng  a0107334772dnb0 a0026-6493 aDLCcMULdCOOdNSDdDLCdNSDdDLCdNSDdOCLdAIPdNSDdOCLdDLCdNSDdHULdDLCdNSTdAGLdNSTdAGLdDLCdAGLdRBNdCUSdDLCdSYSdOCLCQdWAUdNLMdOCLCQdDLCdNLGGCdEEMdCUSdCDSdOCLCQdGBVCPdDEBBGdGWDNBdDLCdJ9UdUKMGBdOCLCQdOCLCFdOCLCOdI8MdCO-BoIAVH0 aengaspa axxu00aAnnals of the Missouri Botanical Garden. a[St. Louis],b[Missouri Botanical Garden Press, etc.]c1914- bilustraciones, placas (retratos a color) mapas, planos y diagramasc27x 17 cm b1975-aq aqb1914-1965 b1966-1974 aIncluye referencias bibliográficas.26aBotánicavPublicaciones periódicas26aPlantasvTaxnomíavPublicaciones periódicas2 aMissouri Botanical Garden08iOnline version:tAnnals of the Missouri Botanical Garden (Online)x2162-4372w(DLC) 00227440w(OCoLC)4544666608iOnline version:tAnnals of the Missouri Botanical Gardenw(OCoLC)65664202301aMissouri Botanical Garden.tAnnual reportx0893-3243w(DLC) 06022506w(OCoLC)1764788